You are cordially invited to attend an open house in honor of the members of the Rare Books and Manuscripts Section of the Association of College and Research Libraries, Thursday, June 25, 1987, 5-7 pm.

Bibliographic Details
Corporate Authors: Book Club of California, Association of College and Research Libraries. Rare Books and Manuscripts Section (honouree.)
Format: Book
Language:English
Published: San Francisco : Book Club of California, [1987]
Subjects:

MARC

Tag First Indicator Second Indicator Subfields
LEADER 00000cam a2200000Ii 4500
001 in00003935921
005 20171106153240.0
008 171102s1987 cau 000 0 eng d
035 |a (OCoLC)on1008967071 
040 |a TXA  |b eng  |e rda  |c TXA 
035 |a (OCoLC)1008967071 
050 4 |a Z1008.B74  |b B75 1987 
090 |a n-us-ca 
049 |a TXAM 
110 2 |a Book Club of California. 
245 1 0 |a You are cordially invited to attend an open house in honor of the members of the Rare Books and Manuscripts Section of the Association of College and Research Libraries, Thursday, June 25, 1987, 5-7 pm. 
264 1 |a San Francisco :  |b Book Club of California,  |c [1987] 
300 |a 1 folded sheet (4 panels) ;  |c 19 cm 
336 |a text  |b txt  |2 rdacontent 
337 |a unmediated  |b n  |2 rdamedia 
338 |a sheet  |b nb  |2 rdacarrier 
580 |a The Cushing Library/Lowman/Book Design copy forms part of the Book Design Section of the Al Lowman Printing Arts Collection and Research Archive. 
500 |a Purchased for the Cushing Library/Lowman/Book Design collection by The Cushing Library. 
610 2 0 |a Book Club of California  |x Rules and practice. 
650 0 |a Book clubs (Bookselling)  |z California  |z San Francisco  |x History. 
710 2 |a Association of College and Research Libraries.  |b Rare Books and Manuscripts Section,  |e honouree. 
773 0 |t Al Lowman Printing Arts Collection and Research Archive. 
994 |a C0  |b TXA 
948 |a cataloged  |b h  |c 2017/11/2  |d o  |e nbehmer  |f 10:22:25 am 
999 f f |s 002e8231-0fa8-349f-b265-61ec11f58275  |i 1d11d919-d9cb-3cba-901f-71c037c6a279  |t 0 
952 f f |p noncirc  |a Texas A&M University  |b College Station  |c Cushing Memorial Library & Archives  |d Cushing: Lowman (Does not check out)  |t 0  |e Z1008.B74 B75 1987  |h Library of Congress classification  |i unmediated -- sheet 
998 f f |a Z1008.B74 B75 1987  |t 0  |l Cushing: Lowman (Does not check out)